00282nam a22001097a 4500008004100000020001500041050002100056245001700077260003500094300002400129500001900153170324b xxu||||| |||| 00| 0 eng d a1121189768 aN 6350 .A78 2011 aArt survey / aU.S.A :bMcGraw-Hill ,c2011 . avi, 571p. :bill. ; aincludes index